Utasítás 1577-ből a bicsei vár udvarbírája részére
Elmentve itt :
| Dokumentumtípus: | Cikk |
|---|---|
| Megjelent: |
1900
|
| Sorozat: | Magyar gazdaságtörténelmi szemle
7 |
| Kulcsszavak: | Közgazdaságtudomány, Gazdaságtörténet |
| Online Access: | http://misc.bibl.u-szeged.hu/562 |
| LEADER | 00568nab a2200157 i 4500 | ||
|---|---|---|---|
| 001 | misc562 | ||
| 005 | 20191106144117.0 | ||
| 008 | 170607s1900 hu o 0|| hun d | ||
| 040 | |a SZTE Miscellanea Repozitórium |b hun | ||
| 041 | |a hun | ||
| 245 | 0 | 0 | |a Utasítás 1577-ből a bicsei vár udvarbírája részére |h [elektronikus dokumentum] |
| 260 | |c 1900 | ||
| 300 | |a 279-280 | ||
| 490 | 0 | |a Magyar gazdaságtörténelmi szemle |v 7 | |
| 695 | |a Közgazdaságtudomány, Gazdaságtörténet | ||
| 856 | 4 | 0 | |u http://misc.bibl.u-szeged.hu/562/1/gazd_tort_szeml_1900_279-280.pdf |z Dokumentum-elérés |